000 00581cam a2200217 4500
001 J1966
008 090401t1993 xxu||||| |||| 00| 0 eng d
035 _a(Sirsi) u46527
041 _aeng
050 _a333.337
110 _aKnight Frank and Rutley
_91990
245 _aManagement matters. - Issue no. 1 (Autumn 1993)
260 _aLondon
_bKnight Frank and Rutley
_c1993
300 _a1 pt. ; 30cm.
350 _a0
650 _aPRIVITY OF CONTRACT
650 _aProperty management
_96262
690 _aPROPERTY-COMMERCIAL PROPERTY
942 _n0
948 _c04/03/1997
999 _c91933
_d91933